|
|
|
|
| LEADER |
00626 a2200193 4500 |
| 008 |
150103s9999 000 0 eng |
| 020 |
|
|
|a 0415077087
|
| 020 |
|
|
|a 0415077095 (pbk.)
|
| 082 |
0 |
0 |
|a 306
|
| 245 |
0 |
4 |
|a The Cultural studies reader /
|
| 260 |
|
|
|a London ;
|a New York :
|b Routledge,
|c c1997.
|
| 300 |
|
|
|a xi, 478 p.
|
| 650 |
|
0 |
|a Culture.
|
| 650 |
|
0 |
|a Culture
|
| 650 |
|
0 |
|a Popular culture.
|
| 700 |
1 |
|
|a During, Simon.
|
| 942 |
|
|
|c BK
|
| 999 |
|
|
|c 301203
|d 301203
|
| 952 |
|
|
|0 0
|1 0
|2 ddc
|4 0
|6 306_000000000000000_DUR_CU
|7 0
|8 FORD
|9 344447
|a DRA
|b DRA
|c ST1
|d 2010-08-11
|i 333F
|l 1
|o 306 DUR/CU
|p DRA333F
|r 2020-03-06
|s 2019-05-06
|w 2019-01-03
|y BK
|